000 00812nam a2200241 i 4500
001 141487
003 ES-MaACL
005 20250820121649.0
007 t|
008 070924s1978 sp ||||1| spa d
020 _a84-276-0439-4
080 _a92:235.3
080 _a235.3:92
100 1 _aMartínez Arancón, Ana.
_977863
245 1 0 _aSantoral extravagante
_b: una lectura del Flos Sanctorum de Alonso de Villegas /
_cAna Martínez Arancón.
260 _aMadrid :
_bEdit. Nacional,
_c[1978]
300 _a430 p. ;
_c21 cm.
490 1 _aBiblioteca de visionarios, heterodoxos y marginados
600 1 7 _aVillegas, Alonso de,
_d1534-ca. 1615
_2
_9162930
830 0 _aBiblioteca de visionarios, heterodoxos y marginados
_9181090
852 _aES-MaACL
_jA-8879
_bR.98011
999 _c141487
_d141487